The one year Bible (Record no. 5198)

MARC details
000 -CABECERA
campo de control de longitud fija 01263nam a22001817a 4500
008 - DATOS DE LONGITUD FIJA--INFORMACIÓN GENERAL
campo de control de longitud fija 251124b |||||||| |||| 00| 0 eng d
020 ## - NÚMERO INTERNACIONAL ESTÁNDAR DEL LIBRO
Número Internacional Estándar del Libro 9781496443694
040 ## - FUENTE DE LA CATALOGACIÓN
Centro/agencia transcriptor tbs
041 ## - CÓDIGO DE LENGUA
Código de lengua del texto/banda sonora o título independiente eng
110 ## - ENTRADA PRINCIPAL--NOMBRE DE ENTIDAD CORPORATIVA
Nombre de entidad corporativa o nombre de jurisdicción como elemento de entrada Crossway Bibles
9 (RLIN) 26579
Término indicativo de función/relación author
245 ## - MENCIÓN DE TÍTULO
Título The one year Bible
Resto del título : English standard version : containing the Old and New Testaments.
260 ## - PUBLICACIÓN, DISTRIBUCIÓN, ETC.
Lugar de publicación, distribución, etc. Carol Stream, IL :
Nombre del editor, distribuidor, etc. Tyndale House Publishers,
Fecha de publicación, distribución, etc. 2001.
300 ## - DESCRIPCIÓN FÍSICA
Extensión 1 volume (unpaged) ;
Dimensiones 21 cm.
520 ## - SUMARIO, ETC.
Sumario, etc. The One Year Bible makes reading through the entire Bible achievable with daily readings from the Old Testament, New Testament, Psalms, and Proverbs. This edition of The One Year Bible divides the entire text of the English Standard Version into 365 sections, guiding readers through the full Bible in one unforgettable year—in as little as 15 minutes a day.<br/><br/>Easily Meet Your Goal to Read Through the Entire Bible in One Year<br/>The One Year Bible helps people read through the entire Bible in one year, giving them daily portions of Scripture in an easy-to-read format, helping those who have never read the Bible through or those who like to read the entire Bible yearly achieve their goal.
650 #0 - PUNTO DE ACCESO ADICIONAL DE MATERIA--TÉRMINO DE MATERIA
Término de materia o nombre geográfico como elemento de entrada Bible
Subdivisión general Devotional use
9 (RLIN) 26580
650 #0 - PUNTO DE ACCESO ADICIONAL DE MATERIA--TÉRMINO DE MATERIA
Término de materia o nombre geográfico como elemento de entrada Devotional calendars
9 (RLIN) 23148
942 ## - ELEMENTOS DE ENTRADA AGREGADA (KOHA)
Fuente del sistema de clasificación o colocación Clasificación de Library of Congress
Holdings
Estado de retiro Estado de pérdida Fuente del sistema de clasificación o colocación Estado dañado No para préstamo Biblioteca de origen Biblioteca actual Fecha de adquisición Total de préstamos Signatura topográfica completa Código de barras Fecha visto por última vez Número de copia Precio válido a partir de Tipo de ítem Koha
    Clasificación de Library of Congress     TBS Barcelona TBS Barcelona 24/11/2025   BS195 CRO B05613 24/11/2025 1 24/11/2025 Book

Powered by Koha